Las raíces del humanismo de Levinas : el judaísmo y la fenomenología /

Se presentan los aspectos claves del pensamiento de Levinas (1906-1995), judío lituano nacionalizado francés, la autora propone la tesis de que es un filósofo pero que hace filosofía diferente a la tradicional. Su obra es una personal reflexión sobre la racionalidad, la filosofía y la civilización o...

Descripción completa

Guardado en:
Detalles Bibliográficos
Autor principal: Urabayen, Julia (autor)
Formato: Libro
Idioma:Español
Publicado: Pamplona, España : Universidad de Navarra, 2005, c2005
Colección:(Colección Filosófica ; 185)
Temas:
Etiquetas: Agrega una etiqueta
Sin etiquetas, Sé el primero en etiquetar este registro!

MARC

LEADER 00000nam^a2200000^a^4500
001 000272538
005 20250521000000.0
009 20260310111103.799
020 |a 84-313-2270-5 
037 |a Acervo ITESO - Biblioteca 
041 |a ESP 
082 |a 142. 7  |b URA 
100 |a Urabayen, Julia  |e (autor) 
245 1 4 |a Las raíces del humanismo de Levinas :  |b el judaísmo y la fenomenología / 
264 4 |a Pamplona, España :  |b Universidad de Navarra,  |c 2005, c2005 
300 |a 280 p. 
336 |a texto  |b txt  |2 rdacontenido 
337 |a sin mediación  |b n  |2 rdamedio 
338 |a volumen  |b nc  |2 rdasoporte 
440 1 |a (Colección Filosófica ;  |v 185) 
520 |a Se presentan los aspectos claves del pensamiento de Levinas (1906-1995), judío lituano nacionalizado francés, la autora propone la tesis de que es un filósofo pero que hace filosofía diferente a la tradicional. Su obra es una personal reflexión sobre la racionalidad, la filosofía y la civilización occidental, cuyas fuentes principales son el judaísmo y la fenomenología. 
649 |a XX 
650 |a Fenomenología -  |x Tema Principal 
650 |a Judaísmo -  |x Filosofía 
650 |a Humanismo 
650 |a Filosofía del Siglo XX -  |x Historia y Crítica 
650 |a Filosofía Francesa -  |x Historia y Crítica 
650 |a Levinas, Emmanuel -  |x Tema Principal 
910 |a Fondo General 
920 |a Impresos - Libros 
930 |a Colección General 
905 |a 101 
901 |a 0500158201  |b IT1  |c ACC  |u 20250521 
902 |a https://opac.biblio.iteso.mx/vufind/Record/000272538